[Event "Pasto Narino Cup"]
[Site "Pasto"]
[Date "2022.07.23"]
[Round "2"]
[White "Pantoja Pantoja, Danna Nicole"]
[Black "Zambrano Jojoa, David Santiago"]
[Result "0-1"]
[WhiteElo "1268"]
[BlackElo "1600"]
[PlyCount "68"]
[EventDate "2022.07.23"]
[EventType "swiss"]
[EventRounds "6"]
[EventCountry "COL"]
[SourceTitle "CBM 209 Extra"]
[Source "ChessBase"]
[SourceDate "2022.09.30"]
[SourceVersion "1"]
[SourceVersionDate "2022.09.30"]
[SourceQuality "1"]

1. e4 e6 2. d4 d5 3. e5 c5 4. Nf3 Nc6 5. Be3 Qb6 6. b3 cxd4 7. Nxd4 Bc5 8. c3 Nxd4 9. Bxd4 Ne7 10. b4 Bxd4 11. Qxd4 Nc6 12. Qxb6 axb6 13. Bb5 Bd7 14. f4 Ke7 15. 0-0 Nxe5 16. Bxd7 Nxd7 17. Nd2 Rhc8 18. Rf3 Nf6 19. g3 Ra3 20. Nb3 Ne4 21. f5 Rxc3 22. Rxc3 Nxc3 23. fxe6 fxe6 24. Re1 Rxa2 25. Nd4 Ne4 26. Rc1 Kd6 27. Nb5+ Ke5 28. Rc7 d4 29. Rxg7 d3 30. Rxh7 d2 31. Rd7 Ra1+ 32. Kg2 d1Q 33. Rxd1 Rxd1 34. h4 Rd3 0-1

[Event "Pasto Narino Cup"]
[Site "Pasto"]
[Date "2022.07.23"]
[Round "1"]
[White "Zambrano Jojoa, David Santiago"]
[Black "Ortega Moran, Helmer Andres"]
[Result "0-1"]
[WhiteElo "1600"]
[BlackElo "1752"]
[PlyCount "84"]
[EventDate "2022.07.23"]
[EventType "swiss"]
[EventRounds "6"]
[EventCountry "COL"]
[SourceTitle "CBM 209 Extra"]
[Source "ChessBase"]
[SourceDate "2022.09.30"]
[SourceVersion "1"]
[SourceVersionDate "2022.09.30"]
[SourceQuality "1"]

1. d4 Nf6 2. g3 g6 3. Bg2 Bg7 4. c4 0-0 5. Nf3 d5 6. cxd5 Bf5 7. 0-0 Nxd5 8. Re1 Nb6 9. Nc3 Nc6 10. e4 Bg4 11. d5 Ne5 12. Bf4 Nbc4 13. Qe2 Bxf3 14. Bxf3 Nxf3+ 15. Qxf3 a6 16. Rab1 Ne5 17. Qe2 Qd7 18. Bxe5 Bxe5 19. Kg2 f5 20. f4 Bd4 21. Rbd1 Bxc3 22. bxc3 Rf7 23. e5 Qb5 24. c4 Qc5 25. a4 Rd8 26. e6 Rff8 27. Rb1 b6 28. Red1 Rd6 29. Rd2 Rfd8 30. Rbd1 c6 31. Rd4 cxd5 32. Qe5 dxc4 33. Rxd6 Rxd6 34. Qxc5 bxc5 35. Rc1 Rd4 36. Kf3 Kg7 37. Rb1 Kf6 38. a5 Kxe6 39. Rb6+ Rd6 40. Ke3 Rxb6 41. axb6 Kd6 42. Kd2 Kc6 0-1